| 000 | 00677nam a2200241Ia 4500 | ||
|---|---|---|---|
| 008 | 160803s9999 xx 000 0 und d | ||
| 020 | _a0 439792134 | ||
| 100 | _aZullo, Allan | ||
| 245 | _aAmerica's most haunted : | ||
| 245 | _btrue scary places / | ||
| 245 | _cby Allan Zullo. | ||
| 260 | _aNew York : | ||
| 260 | _bScholastic Inc. | ||
| 260 | _c1997 | ||
| 300 | _a95 pages ; | ||
| 300 | _c20 cm | ||
| 500 | _aOriginally published as: The ten creepiest places in America. | ||
| 650 | _aGhosts -- United States -- | ||
| 650 | _aHaunted places -- United States -- | ||
| 650 | _xJuvenile literature. | ||
| 650 | _xJuvenile literature. | ||
| 700 | _a1070 | ||
| 999 |
_c299811 _d299811 |
||